|
|
|
|
| LEADER |
00000nam0a2200000 4500 |
| 001 |
35614 |
| 005 |
20231101210320.0 |
| 010 |
|
|
|a 511001910X
|
| 035 |
|
|
|a (RuTPU)RU\TPU\book\36051
|
| 090 |
|
|
|a 35614
|
| 100 |
|
|
|a 20011210d1990 m y0rusy50 ca
|
| 101 |
0 |
|
|a rus
|
| 102 |
|
|
|a UA
|
| 105 |
|
|
|a y j 000zy
|
| 200 |
1 |
|
|a Детали и механизмы роботов. Основы расчета, конструирования и технологии производства
|e учебное пособие
|f под ред. Б. Б. Самотокина
|
| 210 |
|
|
|a Киев
|c Высшая школа
|d 1990
|
| 215 |
|
|
|a 342 с.
|
| 606 |
1 |
|
|a Роботы
|x Конструкция и расчет
|2 stltpush
|3 (RuTPU)RU\TPU\subj\25282
|9 49481
|
| 610 |
1 |
|
|a детали
|
| 610 |
1 |
|
|a механизмы
|
| 610 |
1 |
|
|a расчеты
|
| 610 |
1 |
|
|a конструирование
|
| 610 |
1 |
|
|a производство
|
| 610 |
1 |
|
|a механические системы
|
| 610 |
1 |
|
|a учебные пособия
|
| 675 |
|
|
|a 621.865.8.001(075.8)
|v 3
|
| 702 |
|
1 |
|a Самотокин
|b Б. Б.
|g Борис Борисович
|4 340
|
| 801 |
|
0 |
|a UA
|b 63413507
|c 20011210
|g PSBO
|
| 801 |
|
2 |
|a RU
|b 63413507
|c 20220719
|g PSBO
|
| 900 |
|
|
|a Проектирование робототехнических комплексов
|
| 900 |
|
|
|a Проектирование мехатронных систем
|
| 900 |
|
|
|a Детали мехатронных модулей, роботов и их конструирование
|
| 942 |
|
|
|c BK
|